| 000 | 01183nam a22003255a 4500 | ||
|---|---|---|---|
| 003 | EG-ScBUE | ||
| 005 | 20220906102747.0 | ||
| 008 | 150818t2006 ge a f 001 0 eng d | ||
| 020 | _a3822850853 | ||
| 020 | _a9783822850855 | ||
| 040 |
_aEG-ScBUE _beng _erda _cEG-ScBUE _dEG-ScBUE |
||
| 082 | 0 | 4 |
_a720.1 _bARC _222 |
| 245 | 0 | 0 |
_aArchitectural theory : _bfrom the renaissance to the present / _cwith a preface by Bernd Evers ; in cooperation with the Kunstbibliothek der Staatlichen Museen zu Berlin. |
| 264 | 1 |
_aKöln : _bTaschen, _c[2006] |
|
| 264 | 4 | _cc2006 | |
| 300 |
_a575 pages : _billustrations (some color) ; _c20 cm |
||
| 336 |
_2rdacontent _atext _btxt |
||
| 337 |
_2rdamedia _aunmediated _bn |
||
| 338 |
_2rdacarrier _avolume _bnc |
||
| 500 | _aIncludes index. | ||
| 500 | _aIncludes appendix. | ||
| 590 | _ayassmeen ashraf | ||
| 650 | 7 |
_aArchitecture _xPhilosophy. _2BUEsh |
|
| 651 | _2BUEsh | ||
| 653 |
_bENGARC _cAugust2015 |
||
| 655 |
_vReading book _934232 |
||
| 700 | 1 |
_aEvers, Bernd, _d1941- _eauthor of introduction, etc. _939207 |
|
| 710 | 2 |
_aStaatliche Museen zu Berlin (Germany). _bKupferstichkabinett, _econtributor. |
|
| 942 |
_cNB _k720.1 ARC _2ddc |
||
| 999 |
_c9944 _d9944 |
||